000 00386nas a22001457a 4500
999 _c22675
_d22675
003 VITAP
005 20190217105339.0
008 181102b ||||| |||| 00| 0 eng d
022 _a0011-3891
040 _cVITAP
245 _aCurrent Science
260 _aBengaluru
_bCurrent Science Association
_c2018
856 _uhttp://www.currentscience.ac.in/index.php
942 _2ddc
_cJOURNAL
_s1